=LDR 00000nam 2200000 4500 =001 INLIS000000000037017 =005 20130612142752 =008 ***********************************Ind** =035 ##$$0010-061300000037017 =041 ##$$a Ind =082 ##$$a 632.9 =090 ##$$a 632.9, Chr m =100 ##$$a Christiqansen, Per =245 ##$$a Manster alam, hama dan parasit, Per christiansen ; alih bahasa, Rieke Mulastika =260 ##$$a 2010 $b Jakarta =300 ##$$a 32 hlm, ilus, 17 cm =650 ##$$a Hama dan penyakit =850 ##$$a NBPNMAT =990 ##$$a 10881088 =990 ##$$a 21101038